[Event "Moscow Open 2007"]
[Site "Moscow"]
[Date "2007.02.01"]
[Round "6"]
[White "Dobrov, Vladimir"]
[Black "Belov, Vladimir"]
[Result "1-0"]
[WhiteElo "2479"]
[BlackElo "2600"]
[PlyCount "69"]
[EventDate "2007.??.??"]

1. Nf3 c5 2. c4 Nc6 3. g3 e5 4. Bg2 g6 5. Nc3 Bg7 6. a3 d6 7. O-O Nge7 8. b4 e4
9. Ne1 f5 10. Bb2 d5 11. d3 cxb4 12. axb4 dxc4 13. b5 Nd4 14. dxe4 O-O 15. exf5
Bxf5 16. Qa4 Qc7 17. Qb4 Rfd8 18. e3 Nb3 19. b6 Qc5 20. Qxc5 Nxc5 21. Rxa7 Nc6
22. Bd5+ Be6 23. Bxe6+ Nxe6 24. Rxb7 Rd2 25. Bc1 Bxc3 26. Bxd2 Bxd2 27. Nf3 Ba5
28. Ra1 Rf8 29. Nd4 Nexd4 30. exd4 Bc3 31. Ra4 Bxd4 32. Rc7 Na5 33. b7 Be5 34.
Rc5 Nxb7 35. Rxe5 1-0

[Event "Moscow Open 2007"]
[Site "Moscow"]
[Date "2007.02.01"]
[Round "6"]
[White "Khismatullin, Denis"]
[Black "Yudin, Sergei"]
[Result "1/2-1/2"]
[WhiteElo "2599"]
[BlackElo "2508"]
[PlyCount "93"]
[EventDate "2007.??.??"]

1. e4 d6 2. Nc3 Nf6 3. g3 e5 4. Bg2 Be7 5. Nge2 c6 6. O-O b5 7. a3 O-O 8. h3
Nbd7 9. d3 a5 10. g4 Rb8 11. Ng3 b4 12. axb4 axb4 13. Nce2 d5 14. g5 Ne8 15. f4
Nc7 16. h4 dxe4 17. Nxe4 exf4 18. Bxf4 Nc5 19. N2g3 Nxe4 20. Nxe4 Be6 21. Qf3
Rb5 22. Qg3 Ne8 23. Be5 Bd5 24. Nf6+ Kh8 25. Nxd5 cxd5 26. Kh1 Bd6 27. Ra7 Kg8
28. Qf4 Bxe5 29. Qxe5 g6 30. c4 bxc3 31. bxc3 Qd6 32. Qf4 Qxf4 33. Rxf4 Ng7 34.
Rd4 Nf5 35. Rxd5 Rb1+ 36. Kh2 Rb2 37. Rda5 Ne3 38. Ra2 Rfb8 39. Kg3 Nxg2 40.
Rxb2 Rxb2 41. Re7 Kf8 42. Re4 Rd2 43. d4 Rc2 44. c4 Nxh4 45. Rxh4 Rxc4 46. Rxh7
Rxd4 47. Rh1 1/2-1/2

[Event "Moscow Open 2007"]
[Site "Moscow"]
[Date "2007.02.01"]
[Round "6"]
[White "Shipov, Sergei"]
[Black "Zinchenko, Yaroslav"]
[Result "1/2-1/2"]
[WhiteElo "2591"]
[BlackElo "2507"]
[PlyCount "64"]
[EventDate "2007.??.??"]

1. d4 Nf6 2. c4 g6 3. Nc3 d5 4. cxd5 Nxd5 5. e4 Nxc3 6. bxc3 Bg7 7. Bc4 c5 8.
Ne2 Nc6 9. Be3 O-O 10. O-O Bd7 11. Rb1 Qc7 12. Bf4 Qc8 13. Rc1 a6 14. Qd2 b5
15. Bd3 Qb7 16. Bh6 Qb6 17. Bxg7 Kxg7 18. d5 Ne5 19. c4 bxc4 20. Rb1 Qf6 21.
Bc2 Rab8 22. Qe3 Nd3 23. Bxd3 cxd3 24. Qxd3 Bb5 25. Qe3 Bxe2 26. Qxe2 Rxb1 27.
Rxb1 Rc8 28. e5 Qf5 29. Rd1 c4 30. d6 exd6 31. exd6 c3 32. d7 c2 1/2-1/2

[Event "Moscow Open 2007"]
[Site "Moscow"]
[Date "2007.02.01"]
[Round "6"]
[White "Romanov, Evgeny"]
[Black "Rychagov, Andrey"]
[Result "0-1"]
[WhiteElo "2501"]
[BlackElo "2586"]
[PlyCount "74"]
[EventDate "2007.??.??"]

1. e4 e6 2. d4 d5 3. Nc3 Nf6 4. Bg5 Bb4 5. e5 h6 6. Be3 Ne4 7. Qg4 g6 8. a3
Bxc3+ 9. bxc3 Nxc3 10. Bd3 Nc6 11. h4 Ne7 12. f3 c5 13. dxc5 Nc6 14. Bd2 d4 15.
f4 Qd5 16. h5 g5 17. Nf3 Bd7 18. O-O gxf4 19. Qh4 Qxc5 20. Bxf4 Nd5 21. Nd2 Qe7
22. Qxe7+ Kxe7 23. Bg3 Rag8 24. Bh4+ Kf8 25. Ne4 Rg4 26. Bf6 Rhg8 27. g3 Nxf6
28. Nxf6 Rxg3+ 29. Kh2 Nxe5 30. Bg6 R8xg6 31. hxg6 Rxg6 32. Nxd7+ Nxd7 33. Rad1
e5 34. c3 Nf6 35. Rd3 Ng4+ 36. Kh3 Ne3 37. Rf2 Nd5 0-1

[Event "Moscow Open 2007"]
[Site "Moscow"]
[Date "2007.02.01"]
[Round "6"]
[White "Kazhgaleyev, Murtas"]
[Black "Ivanov, Victor L"]
[Result "1-0"]
[WhiteElo "2579"]
[BlackElo "2502"]
[PlyCount "87"]
[EventDate "2007.??.??"]

1. d4 d5 2. c4 dxc4 3. Nf3 Nf6 4. e3 e6 5. Bxc4 c5 6. O-O a6 7. a4 Nc6 8. Nc3
Be7 9. dxc5 Qc7 10. Qc2 Bxc5 11. Ne4 Nxe4 12. Qxe4 b6 13. b4 f5 14. Qh4 Bxb4
15. e4 Be7 16. Bg5 O-O 17. exf5 h6 18. Bxe7 Nxe7 19. Qe4 Bb7 20. Bxe6+ Kh7 21.
Qg4 Bxf3 22. Qxf3 Qe5 23. Rfe1 Qf6 24. g4 Rad8 25. Rac1 Rd4 26. Rc7 Kh8 27. Qg3
Nd5 28. Bxd5 Rxd5 29. Kg2 Rd7 30. Re6 Qd4 31. Rxd7 Qxd7 32. Qe5 Kh7 33. Qe4 Rf6
34. h4 Kh8 35. Qa8+ Kh7 36. Qe4 Kh8 37. g5 hxg5 38. hxg5 Rxe6 39. fxe6 Qe7 40.
f4 b5 41. g6 Qe8 42. e7 bxa4 43. f5 Kg8 44. Qd5+ 1-0

[Event "Moscow Open 2007"]
[Site "Moscow"]
[Date "2007.02.01"]
[Round "6"]
[White "Burmakin, Vladimir"]
[Black "Geller, Jakov"]
[Result "1/2-1/2"]
[WhiteElo "2568"]
[BlackElo "2490"]
[PlyCount "68"]
[EventDate "2007.??.??"]

1. Nf3 d5 2. c4 e6 3. b3 Nf6 4. Bb2 c5 5. cxd5 Nxd5 6. g3 b6 7. Bg2 Bb7 8. O-O
Nd7 9. Na3 N5f6 10. Rc1 Be7 11. Nc4 O-O 12. Qc2 Rc8 13. Qb1 b5 14. Ne3 Qb6 15.
Rfd1 h6 16. Qa1 Rfd8 17. a4 a6 18. Bc3 Ra8 19. d3 Bf8 20. Rb1 Nd5 21. Nxd5 exd5
22. b4 c4 23. Nh4 bxa4 24. Nf5 Qg6 25. Ne3 cxd3 26. Rxd3 Nb6 27. Bd4 Rac8 28.
Bxb6 Qxb6 29. Bxd5 Bxd5 30. Nxd5 Qb5 31. Nc3 Qc4 32. Re3 Bxb4 33. Nxa4 Qd4 34.
Nb2 Bc3 1/2-1/2

[Event "Moscow Open 2007"]
[Site "Moscow"]
[Date "2007.02.01"]
[Round "6"]
[White "Danin, Alexandre"]
[Black "Vorobiov, Evgeny E"]
[Result "0-1"]
[WhiteElo "2451"]
[BlackElo "2563"]
[PlyCount "90"]
[EventDate "2007.??.??"]

1. e4 c5 2. Nf3 d6 3. d4 cxd4 4. Nxd4 Nf6 5. Nc3 Nc6 6. Bc4 Qb6 7. Nb3 e6 8.
Bf4 Ne5 9. Be2 Bd7 10. g4 h6 11. h4 Rc8 12. f3 a5 13. a4 Nc4 14. Bxc4 Rxc4 15.
Qd3 d5 16. Be3 Qc7 17. Nd2 Rxc3 18. Qxc3 Qxc3 19. bxc3 dxe4 20. Nxe4 Nxe4 21.
fxe4 Bc6 22. O-O Bxe4 23. Bb6 Be7 24. h5 Rg8 25. Rf4 Bc6 26. Raf1 f6 27. Re1 e5
28. Rc4 g6 29. hxg6 Rxg6 30. Kh2 Bd5 31. Rc8+ Kd7 32. Rc7+ Ke6 33. c4 Bc6 34.
Kh3 Rg8 35. c5 Rg5 36. Bxa5 h5 37. Bb6 hxg4+ 38. Kg3 Rf5 39. a5 Rf3+ 40. Kh2
Rh3+ 41. Kg1 f5 42. Rxe5+ Kxe5 43. Rxe7+ Kd4 44. Kf2 g3+ 45. Ke2 Rh2+ 0-1

[Event "Moscow Open 2007"]
[Site "Moscow"]
[Date "2007.02.01"]
[Round "6"]
[White "Grachev, Boris"]
[Black "Rakhmanov, Aleksandr"]
[Result "1-0"]
[WhiteElo "2563"]
[BlackElo "2473"]
[PlyCount "103"]
[EventDate "2007.??.??"]

1. d4 Nf6 2. Nf3 g6 3. Bf4 Bg7 4. e3 O-O 5. Be2 d5 6. h3 c5 7. c3 Qb6 8. Qb3
Nc6 9. Nbd2 c4 10. Qa3 Qd8 11. b3 b5 12. O-O Nd7 13. bxc4 bxc4 14. e4 e6 15.
Qd6 Ndb8 16. Qxd8 Rxd8 17. Rfb1 Ba6 18. Bd1 Nd7 19. exd5 exd5 20. Ba4 Rac8 21.
Bb5 Bxb5 22. Rxb5 Nf8 23. g4 Ne6 24. Bg3 Rd7 25. Re1 h6 26. Nf1 Kh7 27. Kg2 Bf6
28. Ne3 Rcd8 29. Nc2 Re8 30. a3 Be7 31. Nb4 Bxb4 32. axb4 f6 33. Ra1 Kg7 34. h4
Kf7 35. Ra6 Rc8 36. g5 hxg5 37. hxg5 Nxg5 38. Nxg5+ fxg5 39. Rc5 Ne7 40. Be5
Rf8 41. Rca5 Ra8 42. Ra1 Rb7 43. Rh1 Rb6 44. Rha1 Nc8 45. R6a5 Ke6 46. Re1 Nd6
47. Bxd6+ Kxd6 48. Re5 Rf8 49. Rxg5 Kc7 50. Rgxd5 Rbf6 51. Ra2 Kb6 52. Rc5 1-0

[Event "Moscow Open 2007"]
[Site "Moscow"]
[Date "2007.02.01"]
[Round "6"]
[White "Zontakh, Andrey"]
[Black "Chadaev, Nikolai"]
[Result "0-1"]
[WhiteElo "2562"]
[BlackElo "2484"]
[PlyCount "108"]
[EventDate "2007.??.??"]

1. e4 e5 2. Nf3 Nc6 3. Bb5 a6 4. Ba4 Nf6 5. O-O Be7 6. Re1 b5 7. Bb3 O-O 8. c3
d6 9. h3 a5 10. d3 a4 11. Bc2 Bd7 12. Nbd2 Re8 13. Nf1 Bf8 14. d4 h6 15. Ng3
Na5 16. Nh2 Bc6 17. Rb1 d5 18. Nf3 Nc4 19. exd5 Qxd5 20. b3 axb3 21. axb3 Nb6
22. dxe5 Qxd1 23. Bxd1 Nfd5 24. Bd2 Ra2 25. Re2 b4 26. c4 Nc3 27. Bxc3 Rxe2 28.
Nxe2 Bxf3 29. Bd4 Be4 30. Ra1 Nd7 31. f4 f6 32. exf6 Nxf6 33. Ng3 Bd3 34. Bf3
Bd6 35. Nh5 Nxh5 36. Bxh5 Re4 37. Ra8+ Kh7 38. f5 Re1+ 39. Kf2 Rf1+ 40. Ke3
Bxf5 41. c5 Bg3 42. Bf7 Re1+ 43. Kd2 Re7 44. Bg8+ Kg6 45. Be3 Be4 46. Rb8 Bxg2
47. Rxb4 Bxh3 48. Rb8 h5 49. b4 h4 50. b5 Bg2 51. b6 h3 52. Bc4 Rd7+ 53. Ke2 h2
54. Rh8 h1=Q 0-1

[Event "Moscow Open 2007"]
[Site "Moscow"]
[Date "2007.02.01"]
[Round "6"]
[White "Oleksienko, Mikhailo"]
[Black "Galliamova, Alisa"]
[Result "1-0"]
[WhiteElo "2541"]
[BlackElo "2470"]
[PlyCount "115"]
[EventDate "2007.??.??"]

1. e4 c5 2. Nf3 Nc6 3. d4 cxd4 4. Nxd4 Nf6 5. Nc3 d6 6. f3 e5 7. Nb3 Be7 8. Be3
O-O 9. Qd2 a5 10. Bb5 Be6 11. Rd1 Na7 12. Bd3 Nc8 13. Qf2 a4 14. Nc1 Qa5 15.
Bd2 Qb6 16. Qxb6 Nxb6 17. Be3 Nc4 18. Bxc4 Bxc4 19. a3 d5 20. exd5 Rfd8 21. Bg5
h6 22. Bxf6 gxf6 23. Nd3 Kh7 24. Kf2 Ra5 25. Rhe1 Bxd5 26. Nxd5 Raxd5 27. Ke2
Rb5 28. c3 Rbd5 29. Nb4 Rxd1 30. Rxd1 f5 31. Nd5 Bg5 32. Nb6 Rxd1 33. Kxd1 Be3
34. Nc4 Bg1 35. h3 f6 36. Nd6 b6 37. Nxf5 Kg6 38. g4 Kg5 39. h4+ Kf4 40. Nxh6
Kxf3 41. g5 fxg5 42. hxg5 Be3 43. Nf7 e4 44. Ne5+ Kg3 45. g6 Bh6 46. Ke2 Kh4
47. Nf7 Bg7 48. Nd8 Kg5 49. Ne6+ Kxg6 50. Nxg7 Kxg7 51. Ke3 Kf6 52. Kxe4 Ke6
53. Kd4 Kd6 54. Kc4 Kc6 55. Kb4 Kd5 56. Kxa4 Kc4 57. b4 Kxc3 58. Kb5 1-0

[Event "Moscow Open 2007"]
[Site "Moscow"]
[Date "2007.02.01"]
[Round "6"]
[White "Kosov, Ivan"]
[Black "Novikov, Stanislav"]
[Result "0-1"]
[WhiteElo "2354"]
[BlackElo "2535"]
[PlyCount "82"]
[EventDate "2007.??.??"]

1. c4 g6 2. Nf3 Bg7 3. e3 d6 4. d4 Nf6 5. b3 O-O 6. Bb2 Nbd7 7. Nc3 Re8 8. Be2
c6 9. Qc2 e5 10. O-O Qe7 11. dxe5 dxe5 12. e4 b6 13. Rfd1 Bb7 14. Bf1 Nc5 15.
Ba3 Bf8 16. Na4 Nfxe4 17. Re1 Ng5 18. Nxe5 Qc7 19. Bxc5 bxc5 20. f4 Rad8 21.
Rad1 Ne6 22. Rxd8 Rxd8 23. Qf2 Bc8 24. Nc3 Bg7 25. g3 Nd4 26. h3 Qa5 27. Re3 f6
28. Nf3 Nf5 29. Na4 Nxe3 30. Qxe3 Bf8 31. Kg2 Qc7 32. Nc3 Qd7 33. Kf2 Re8 34.
Qd2 Qe7 35. Bg2 Bg7 36. Qe2 Be6 37. Na4 Bf8 38. g4 Qc7 39. Qd2 Bd6 40. f5 gxf5
41. gxf5 Bxf5 0-1

[Event "Moscow Open 2007"]
[Site "Moscow"]
[Date "2007.02.01"]
[Round "6"]
[White "Chuprov, Dmitry"]
[Black "Sergienko, Sergey"]
[Result "1-0"]
[WhiteElo "2534"]
[BlackElo "2467"]
[PlyCount "140"]
[EventDate "2007.??.??"]

1. e4 c6 2. d4 g6 3. c3 d5 4. Nd2 Bg7 5. Ngf3 dxe4 6. Nxe4 Nf6 7. Bd3 Nxe4 8.
Bxe4 Nd7 9. O-O O-O 10. Re1 c5 11. Be3 cxd4 12. Nxd4 a6 13. Nb3 Qc7 14. Qe2 Nf6
15. Bf3 Be6 16. Bd4 Rae8 17. Qe5 Qxe5 18. Bxe5 Bc8 19. Bc7 Nd7 20. Rad1 f5 21.
Bd5+ Kh8 22. Bxb7 Bxb7 23. Rxd7 Bf6 24. Be5 Be4 25. Bxf6+ exf6 26. f3 Bc6 27.
Rde7 Rxe7 28. Rxe7 Bd5 29. Rd7 Bc4 30. Rd4 Rc8 31. Kf2 g5 32. Nd2 Bxa2 33. Ra4
Bf7 34. Rxa6 Rd8 35. Ke1 Kg7 36. c4 Rb8 37. b3 Re8+ 38. Kd1 Re3 39. Rd6 Be6 40.
b4 Kf7 41. c5 Rc3 42. Ke2 h5 43. Rd3 Rc1 44. Ke3 Ke7 45. f4 Bd7 46. Nf3 Rb1 47.
fxg5 fxg5 48. Nxg5 Rxb4 49. Nf3 Bc6 50. Nd4 Bxg2 51. Nxf5+ Kf6 52. Ng3 Rc4 53.
Rd2 Bb7 54. Rd7 Bg2 55. Nxh5+ Kg5 56. Ng7 Bh3 57. Rd5+ Kg6 58. Nh5 Kf7 59. Nf4
Bc8 60. h4 Rc3+ 61. Kd4 Rf3 62. Ke4 Rc3 63. Kd4 Rf3 64. Nd3 Rh3 65. Rh5 Rh2 66.
c6 Ke7 67. Rh6 Bf5 68. Nf4 Kf7 69. Ke5 Kg7 70. Rd6 Bc8 1-0

[Event "Moscow Open 2007"]
[Site "Moscow"]
[Date "2007.02.01"]
[Round "6"]
[White "Kutuzov, Denis"]
[Black "Yandemirov, Valeri"]
[Result "0-1"]
[WhiteElo "2293"]
[BlackElo "2523"]
[PlyCount "106"]
[EventDate "2007.??.??"]

1. b4 e5 2. Bb2 Bxb4 3. Bxe5 Nf6 4. c4 O-O 5. Nf3 d5 6. e3 c5 7. cxd5 Nxd5 8.
Be2 Nc6 9. Bb2 Qe7 10. O-O Rd8 11. Qc2 Bg4 12. Rc1 Nf4 13. exf4 Qxe2 14. Re1
Qb5 15. Ng5 Qd3 16. Qxd3 Rxd3 17. h3 Bf5 18. g4 h6 19. gxf5 hxg5 20. fxg5 Rd5
21. a3 Ba5 22. f6 Rxg5+ 23. Kf1 g6 24. Nc3 Rd8 25. Rad1 Rf5 26. Re4 Bc7 27. Nb5
Be5 28. Bxe5 Nxe5 29. Nxa7 Nd3 30. Re2 Rxf6 31. Nb5 Kg7 32. Nc3 Rh8 33. Ne4
Rxh3 34. Kg1 Rf4 35. Rb1 Rg4+ 36. Ng3 Nxf2 37. Kxf2 Rgxg3 38. Re3 Rxe3 39. dxe3
Rh2+ 40. Kf3 Ra2 41. Rxb7 Rxa3 42. Rc7 Ra5 43. Kf4 Rb5 44. e4 Kf6 45. Rc6+ Ke7
46. Kg5 Rb4 47. Kf4 Rb5 48. Kg5 Ra5 49. Kh6 Ra4 50. e5 Re4 51. Rxc5 Ke6 52. Kg7
Rxe5 53. Rc6+ Kd5 0-1

[Event "Moscow Open 2007"]
[Site "Moscow"]
[Date "2007.02.01"]
[Round "6"]
[White "Pushkov, Nikolai"]
[Black "Konovalov, Nikolay"]
[Result "1/2-1/2"]
[WhiteElo "2522"]
[BlackElo "2463"]
[PlyCount "78"]
[EventDate "2007.??.??"]

1. d4 Nf6 2. Nf3 c5 3. d5 g6 4. Nc3 Bg7 5. e4 d6 6. Bb5+ Bd7 7. a4 O-O 8. O-O
Bg4 9. Re1 Nbd7 10. h3 Bxf3 11. Qxf3 e6 12. Bg5 Ne5 13. Qe2 h6 14. Bh4 exd5 15.
f4 Ned7 16. e5 dxe5 17. fxe5 Re8 18. Bxf6 Bxf6 19. Nxd5 Rxe5 20. Nxf6+ Qxf6 21.
Qd2 Nf8 22. Rxe5 Qxe5 23. Re1 Qg3 24. Re7 Ne6 25. Qf2 Qxf2+ 26. Kxf2 a6 27. Bc4
b5 28. Bxe6 fxe6 29. a5 Rd8 30. Ke2 Rd6 31. b3 c4 32. bxc4 bxc4 33. Rc7 Rd5 34.
Rc6 Rxa5 35. Rxe6 Kf7 36. Rc6 Re5+ 37. Kd2 Rf5 38. Ke3 Re5+ 39. Kf3 Rf5+
1/2-1/2

[Event "Moscow Open 2007"]
[Site "Moscow"]
[Date "2007.02.01"]
[Round "6"]
[White "Gabrielian, Artur"]
[Black "Feoktistov, Alexey A"]
[Result "1-0"]
[WhiteElo "2521"]
[BlackElo "2445"]
[PlyCount "59"]
[EventDate "2007.??.??"]

1. e4 e5 2. Nf3 Nf6 3. Nxe5 d6 4. Nf3 Nxe4 5. Nc3 Nxc3 6. dxc3 Be7 7. Be3 Nc6
8. Qd2 Bg4 9. O-O-O Qd7 10. Bb5 a6 11. Ba4 b5 12. Bb3 Be6 13. Bd5 Bxd5 14. Qxd5
O-O 15. h4 b4 16. c4 a5 17. Ng5 Bxg5 18. hxg5 Ne7 19. Qe4 Ng6 20. Rh3 Rfe8 21.
Qd3 Qc6 22. Rdh1 Re4 23. f3 Rxc4 24. Rxh7 Re8 25. Bd4 Qd5 26. Rh8+ Nxh8 27.
Qh7+ Kf8 28. Qxh8+ Ke7 29. Re1+ Qe5 30. Bxe5 1-0

[Event "Moscow Open 2007"]
[Site "Moscow"]
[Date "2007.02.01"]
[Round "6"]
[White "Kornev, Alexei"]
[Black "Shabanov, Yuri"]
[Result "1-0"]
[WhiteElo "2582"]
[BlackElo "2422"]
[PlyCount "73"]
[EventDate "2007.??.??"]

1. e4 d6 2. d4 Nf6 3. Nc3 e5 4. dxe5 dxe5 5. Qxd8+ Kxd8 6. Bg5 Be6 7. g3 Kc8 8.
f4 Bb4 9. Bd3 h6 10. Bh4 Nc6 11. Nf3 Bh3 12. Bxf6 gxf6 13. Nh4 exf4 14. gxf4
Bc5 15. Nd5 Nb4 16. Nxf6 Be3 17. Nd5 Nxd5 18. exd5 Bxf4 19. Bf5+ Bxf5 20. Nxf5
Re8+ 21. Kf2 Re5 22. Rae1 Kd7 23. Rxe5 Bxe5 24. c3 Rg8 25. Kf3 h5 26. Ne3 Rg6
27. Ke4 Bd6 28. Rf1 Ke8 29. h3 Bc5 30. Nf5 a5 31. a4 Rg2 32. b3 Bf8 33. Kd3 f6
34. Kc4 Kf7 35. Kb5 Rb2 36. Nd4 Bd6 37. Kxa5 1-0

[Event "Moscow Open 2007"]
[Site "Moscow"]
[Date "2007.02.01"]
[Round "6"]
[White "Mozharov, Mikhail"]
[Black "Moiseenko, Alexander"]
[Result "0-1"]
[WhiteElo "2425"]
[BlackElo "2627"]
[PlyCount "76"]
[EventDate "2007.??.??"]

1. e4 c5 2. Nf3 Nc6 3. Nc3 Nf6 4. d4 cxd4 5. Nxd4 e5 6. Ndb5 d6 7. Bg5 a6 8.
Na3 b5 9. Bxf6 gxf6 10. Nd5 f5 11. c3 Bg7 12. exf5 Bxf5 13. Nc2 O-O 14. Nce3
Bg6 15. h4 h6 16. g4 b4 17. Bg2 bxc3 18. bxc3 e4 19. h5 Bh7 20. Qa4 Ne7 21. Kf1
Nxd5 22. Nxd5 Re8 23. Rh3 Rb8 24. Re1 Qg5 25. Qd1 Re5 26. c4 Rf8 27. Qc1 Qxg4
28. Rg3 Qe6 29. Qf4 Kh8 30. Bh3 f5 31. Rb1 Qf7 32. Rb6 e3 33. Rxe3 Qxh5 34. Qf3
f4 35. Reb3 Qe8 36. Rb8 Re1+ 37. Kg2 Qxb8 38. Rxb8 Rxb8 0-1

[Event "Moscow Open 2007"]
[Site "Moscow"]
[Date "2007.02.01"]
[Round "6"]
[White "Ovod, Evgenija"]
[Black "Korobov, Anton"]
[Result "0-1"]
[WhiteElo "2410"]
[BlackElo "2547"]
[PlyCount "130"]
[EventDate "2007.??.??"]

1. d4 Nf6 2. c4 g6 3. Nc3 Bg7 4. e4 d6 5. Nf3 O-O 6. Be2 e5 7. O-O Nc6 8. d5
Ne7 9. Ne1 Nd7 10. f3 f5 11. g4 Nf6 12. Be3 c5 13. Nd3 f4 14. Bf2 g5 15. b4 b6
16. a4 h5 17. h3 a5 18. bxc5 dxc5 19. Rb1 Ba6 20. Qb3 Nd7 21. Nb5 Rf6 22. Be1
Nc8 23. Bc3 Rh6 24. Qb2 Bxb5 25. cxb5 Qf6 26. gxh5 Rxh5 27. Nf2 Nd6 28. Rfd1
Kf7 29. Bf1 Rah8 30. Ng4 Qe7 31. Rd2 Rxh3 32. Bxh3 Rxh3 33. Rf1 Nc4 34. Qa2
Nxd2 35. Bxd2 Qd6 36. Bc3 Qg6 37. Kf2 Ke7 38. Ke2 Kd6 39. Qd2 Qh5 40. Qd3 Rg3
41. Kd2 Rxg4 42. fxg4 Qxg4 43. Bxa5 bxa5 44. b6 Qg2+ 45. Kc3 Qg3 46. Qxg3 fxg3
47. Rb1 Bf6 48. b7 g2 49. Kc4 Kc7 50. d6+ Kc6 51. Rg1 Nb6+ 52. Kb3 Kxb7 53.
Rxg2 Kc6 54. Rd2 Bd8 55. Rd1 c4+ 56. Ka3 Kd7 57. Rd2 Nc8 58. Rd5 Nxd6 59. Rxe5
g4 60. Rd5 Ke6 61. Rd1 Bb6 62. Rb1 Bc7 63. Ka2 g3 64. Rb2 Nxe4 65. Rc2 Kd5 0-1

[Event "Moscow Open 2007"]
[Site "Moscow"]
[Date "2007.02.01"]
[Round "6"]
[White "Sorokin, Maxim"]
[Black "Shimanov, Aleksandr"]
[Result "1-0"]
[WhiteElo "2547"]
[BlackElo "2419"]
[PlyCount "39"]
[EventDate "2007.??.??"]

1. c4 c6 2. Nf3 d5 3. e3 Nf6 4. Nc3 a6 5. b3 Bg4 6. Bb2 Nbd7 7. h3 Bxf3 8. Qxf3
e6 9. Qg3 Nc5 10. cxd5 cxd5 11. Be2 Nce4 12. Nxe4 Nxe4 13. Qe5 Qa5 14. O-O Qxd2
15. Bh5 Be7 16. Bxf7+ Kd8 17. Qxg7 Kd7 18. Rad1 Qe2 19. Qe5 Ng5 20. Bxe6+ 1-0

[Event "Moscow Open 2007"]
[Site "Moscow"]
[Date "2007.02.01"]
[Round "6"]
[White "Kachko, Alexander"]
[Black "Deviatkin, Andrei"]
[Result "1/2-1/2"]
[WhiteElo "2410"]
[BlackElo "2544"]
[PlyCount "129"]
[EventDate "2007.??.??"]

1. e4 c6 2. d4 d5 3. exd5 cxd5 4. c3 Nc6 5. Bf4 Nf6 6. Nf3 g6 7. Nbd2 Bg7 8.
Be2 O-O 9. O-O Nh5 10. Be3 Qd6 11. Re1 Bd7 12. Nb3 Nf6 13. Nc5 Bc8 14. Qc1 b6
15. Bf4 Qd8 16. Nd3 Bg4 17. Nfe5 Bd7 18. Nxc6 Bxc6 19. Ne5 Bb7 20. Bh6 Nd7 21.
Bxg7 Kxg7 22. Qe3 Qc7 23. Rad1 Rae8 24. Bb5 Bc8 25. Qf4 f6 26. Nd3 e5 27. Qg3
a5 28. dxe5 fxe5 29. Bxd7 Bxd7 30. Rxe5 Rxe5 31. Qxe5+ Qxe5 32. Nxe5 Be6 33.
Nc6 d4 34. Nxd4 Bxa2 35. f3 Bc4 36. Re1 Kf6 37. f4 b5 38. Re5 Rb8 39. Rc5 Rb7
40. Kf2 h5 41. Rc6+ Kg7 42. Rc5 Kf6 43. h3 a4 44. g4 hxg4 45. hxg4 Kg7 46. Kg3
Bd3 47. Rc7+ Rxc7 48. Ne6+ Kf7 49. Nxc7 Ke7 50. Kf3 Kd6 51. Na6 Bc2 52. Ke3 Bd1
53. g5 Kd5 54. Kd3 Bg4 55. Nb4+ Kc5 56. Nc2 Bf5+ 57. Kd2 Be4 58. Ne3 b4 59.
cxb4+ Kxb4 60. Kc1 Kc5 61. f5 gxf5 62. g6 f4 63. g7 Bh7 64. Ng4 Bg8 65. Kd2
1/2-1/2

[Event "Moscow Open 2007"]
[Site "Moscow"]
[Date "2007.02.01"]
[Round "6"]
[White "Popov, Ivan"]
[Black "Burlov, Vassili"]
[Result "1-0"]
[WhiteElo "2531"]
[BlackElo "2410"]
[PlyCount "65"]
[EventDate "2007.??.??"]

1. e4 e6 2. d4 d5 3. Nc3 Nf6 4. Bg5 Bb4 5. e5 h6 6. Be3 Ne4 7. Qg4 Kf8 8. a3
Bxc3+ 9. bxc3 c5 10. Bd3 f5 11. exf6 Nxf6 12. Qg3 c4 13. Bg6 Bd7 14. Nf3 Nc6
15. Ne5 Rg8 16. a4 Be8 17. Bc1 Rh8 18. Bxe8 Nxe5 19. dxe5 Nxe8 20. O-O Kf7 21.
h4 g6 22. Qf3+ Kg8 23. Qg4 Ng7 24. Rb1 b6 25. Qxg6 Qxh4 26. a5 h5 27. axb6 axb6
28. Rxb6 Qg4 29. Bg5 h4 30. f3 Qg3 31. Rb7 Rh7 32. Qf7+ Kh8 33. Bf4 1-0

[Event "Moscow Open 2007"]
[Site "Moscow"]
[Date "2007.02.01"]
[Round "6"]
[White "Iljin, Artem"]
[Black "Nakhapetiane, Pogos"]
[Result "1/2-1/2"]
[WhiteElo "2529"]
[BlackElo "2408"]
[PlyCount "55"]
[EventDate "2007.??.??"]

1. d4 Nf6 2. c4 g6 3. Nc3 Bg7 4. Nf3 d6 5. Bg5 O-O 6. e3 c6 7. Be2 a6 8. O-O
Nbd7 9. Nd2 e5 10. d5 c5 11. f4 h6 12. Bh4 exf4 13. exf4 Qc7 14. Bd3 Nh7 15.
Qf3 f5 16. g4 Ndf6 17. gxf5 Bxf5 18. Bxf5 gxf5 19. Rae1 Rf7 20. Kh1 Qd7 21. Re6
Re8 22. Rxe8+ Qxe8 23. Qd3 Ng4 24. Nd1 Rf8 25. h3 Qh5 26. Qf3 Ngf6 27. Rg1 Rf7
28. Ne3 1/2-1/2

[Event "Moscow Open 2007"]
[Site "Moscow"]
[Date "2007.02.01"]
[Round "6"]
[White "Ionov, Sergey"]
[Black "Pustov, Pavel"]
[Result "1-0"]
[WhiteElo "2522"]
[BlackElo "2407"]
[PlyCount "113"]
[EventDate "2007.??.??"]

1. Nf3 Nf6 2. c4 c6 3. Nc3 d5 4. d4 dxc4 5. a4 Bf5 6. e3 e6 7. Bxc4 Bb4 8. O-O
Nbd7 9. Nh4 O-O 10. f3 Bg6 11. Nxg6 hxg6 12. e4 e5 13. Be3 Qb6 14. Kh1 Rad8 15.
Ne2 exd4 16. Bxd4 Qc7 17. Qc2 Rde8 18. Rad1 Re7 19. Ba2 Rd8 20. Be3 Nf8 21. g3
a5 22. Kg2 Rxd1 23. Rxd1 Rd7 24. Nc1 Rxd1 25. Qxd1 Qe7 26. Nd3 N6d7 27. Nxb4
Qxb4 28. Qc2 Qe1 29. Bf2 Qb4 30. Qc4 Qxc4 31. Bxc4 Ne6 32. b3 Kf8 33. f4 Ke7
34. Kf3 Nec5 35. Bd4 f6 36. Ke3 b5 37. axb5 cxb5 38. Bd5 b4 39. Bxc5+ Nxc5 40.
Kd4 a4 41. bxa4 Nxa4 42. Kc4 Nc3 43. Kxb4 Nd1 44. Kc5 Ne3 45. Kd4 Ng4 46. h3
Nf2 47. Ke3 Nxh3 48. Bc4 g5 49. Bf1 gxf4+ 50. gxf4 Nxf4 51. Kxf4 g6 52. Bc4 Kf8
53. Ke3 Ke7 54. Kd4 f5 55. e5 g5 56. Kd5 f4 57. Be2 1-0

[Event "Moscow Open 2007"]
[Site "Moscow"]
[Date "2007.02.01"]
[Round "6"]
[White "Beletsky, Alexey"]
[Black "Prokopchuk, Evgeny"]
[Result "0-1"]
[WhiteElo "2386"]
[BlackElo "2516"]
[PlyCount "86"]
[EventDate "2007.??.??"]

1. e4 c5 2. c3 Nf6 3. e5 Nd5 4. g3 d6 5. exd6 Qxd6 6. Bg2 Nc6 7. Nf3 Bg4 8. h3
Bxf3 9. Qxf3 e6 10. O-O Be7 11. Na3 Rd8 12. Nc4 Qc7 13. Qe2 O-O 14. a4 Bf6 15.
d3 Nce7 16. Ne3 Nxe3 17. Bxe3 Nd5 18. f4 Nxe3 19. Qxe3 Qb6 20. Rf2 Rd7 21. Rd2
Rfd8 22. Rad1 Rd4 23. Qf3 Rxa4 24. Qxb7 Qxb7 25. Bxb7 Rb8 26. Bf3 Ra2 27. d4
cxd4 28. cxd4 Rb3 29. Kf2 Rbxb2 30. Rxb2 Rxb2+ 31. Ke3 Bd8 32. Rd2 Rxd2 33.
Kxd2 Bc7 34. Bd1 Kf8 35. Bb3 Ke7 36. Ke3 g6 37. Ke4 Kd6 38. Ke3 Ba5 39. g4 f5
40. g5 Bc3 41. Kd3 Bb2 42. Ke3 Bc1+ 43. Kf3 a5 0-1

[Event "Moscow Open 2007"]
[Site "Moscow"]
[Date "2007.02.01"]
[Round "6"]
[White "Naumkin, Igor"]
[Black "Loskutov, Oleg"]
[Result "1/2-1/2"]
[WhiteElo "2510"]
[BlackElo "2397"]
[PlyCount "75"]
[EventDate "2007.??.??"]

1. d4 Nf6 2. c4 g6 3. Nc3 Bg7 4. e4 d6 5. Nf3 O-O 6. Be2 e5 7. d5 a5 8. Bg5 Na6
9. Nd2 Qe8 10. O-O Bd7 11. b3 Kh8 12. Be3 Ng8 13. Rc1 f5 14. exf5 gxf5 15. f4
Nf6 16. Kh1 Qg6 17. fxe5 dxe5 18. c5 Nb4 19. Nf3 Ng4 20. Bg1 e4 21. Nh4 Qh5 22.
g3 f4 23. Nxe4 fxg3 24. hxg3 Rxf1 25. Bxf1 Qe5 26. Bg2 Nxd5 27. Rc4 Ndf6 28.
Nxf6 Nxf6 29. Bxb7 Rg8 30. Bg2 Bb5 31. Nf3 Qe8 32. Rh4 Ne4 33. Qe1 Bd3 34. Nd4
Bf6 35. Rxe4 Bxe4 36. Qxe4 Qh5+ 37. Bh2 Qd1+ 38. Bg1 1/2-1/2

[Event "Moscow Open 2007"]
[Site "Moscow"]
[Date "2007.02.01"]
[Round "6"]
[White "Kharitonov, Alexandr"]
[Black "Potapov, Pavel"]
[Result "1/2-1/2"]
[WhiteElo "2503"]
[BlackElo "2380"]
[PlyCount "100"]
[EventDate "2007.??.??"]

1. d4 f5 2. g3 Nf6 3. Bg2 g6 4. c3 Bg7 5. Qb3 d5 6. Nh3 c6 7. Nd2 Qb6 8. Nf3
Be6 9. Nf4 Bf7 10. Nd3 Nbd7 11. O-O O-O 12. Nfe5 Rfd8 13. Bg5 Nxe5 14. Nxe5 h6
15. Bf4 Nd7 16. Nd3 g5 17. Be3 Qc7 18. Qc2 e5 19. dxe5 Nxe5 20. Nxe5 Qxe5 21.
Bd4 Qe6 22. Bxg7 Kxg7 23. Qd2 Re8 24. Rfe1 Qf6 25. e3 Re7 26. Qd4 b6 27. f4
Rae8 28. Kf2 Bh5 29. Rac1 Kf7 30. Qxf6+ Kxf6 31. b4 Bf7 32. a3 Rc7 33. Red1
Rce7 34. Rd3 Bg8 35. Re1 b5 36. a4 a6 37. Ra1 Ke6 38. axb5 axb5 39. Rdd1 Kd6
40. Re1 Be6 41. Bf1 Bc8 42. Ra8 g4 43. Bg2 h5 44. Re2 Bb7 45. Ra7 Kc7 46. Re1
Kb6 47. Ra3 Rh7 48. h4 Rhe7 49. Bf1 Rf8 50. Bd3 Re6 1/2-1/2